000 00382nam a2200145Ia 4500
008 150201s2005 xx 000 0 und d
082 _a617.6
_bD2005W
100 _aWHO/FAO
245 _aDIET ,NUTRITION AND THE PREVENTION OF CHRONIC DISEASE
250 _a1ST
260 _bAITBS
_aDELHI
_c2005
300 _a1-149
650 _aPREVENTIVE AND COMMUNITY DENTISTRY
942 _2ddc
_cBK
999 _c4613
_d4613